El maestro Odón Alonso y la orquesta nacional de España : (Record no. 197843)

MARC details
000 -LEADER
campo de control de longitud fija 01251nam a22003134u 4500
001 - NÚMERO DE CONTROL
campo de control 197843
003 - IDENTIFICADOR DE NÚMERO DE CONTROL
campo de control SpMaBN
005 - FECHA Y HORA DE LA ÚLTIMA TRANSACCIÓN
campo de control 20251022063027.0
008 - DATOS DE LONGITUD FIJA--INFORMACIÓN GENERAL
campo de control de longitud fija 250925s2024 sp a |||||| 001 |bspa|
017 ## - NÚMERO DE COPYRIGHT O DE DEPÓSITO LEGAL
Número de copyright o de depósito legal M 18736-2025
Agencia que asigna Oficina Depósito Legal Madrid
020 ## - NÚMERO INTERNACIONAL ESTÁNDAR DEL LIBRO
Número Internacional Estándar del Libro 978-84-09-76283-5
040 ## - FUENTE DE CATALOGACIÓN
Centro catalogador/agencia de origen ES-MaACL
Lengua de catalogación spa
Centro/agencia transcriptor ES-MaACL
Centro/agencia modificador spa
080 ## - NÚMERO DE LA CLASIFICACIÓN DECIMAL UNIVERSAL
Número de la Clasificación Decimal Universal 78 Alonso, Odón
100 1# - ENTRADA PRINCIPAL--NOMBRE DE PERSONA
9 (RLIN) 238008
Nombre de persona Pérez Ruano, Fernando
Término indicativo de función/relación Autor
245 13 - MENCIÓN DEL TÍTULO
Título El maestro Odón Alonso y la orquesta nacional de España :
Resto del título historia y análisis de una dilatada y exitosa relación profesional /
Mención de responsabilidad, etc. Fernando Pérez Ruano
264 ## - PRODUCCIÓN, PUBLICACIÓN, DISTRIBUCIÓN, FABRICACIÓN Y COPYRIGHT
Producción, publicación, distribución, fabricación y copyright [Madrid] :
Nombre del de productor, editor, distribuidor, fabricante FerPer-International,
Fecha de producción, publicación, distribución, fabricación o copyright [2025]
300 ## - DESCRIPCIÓN FÍSICA
Extensión 192 páginas :
Otras características físicas ilustraciones ;
Dimensiones 24cm
336 ## - TIPO DE CONTENIDO
Término de tipo de contenido texto
Fuente rdacontent
337 ## - TIPO DE MEDIO
Nombre/término del tipo de medio sin mediación
Fuente rdamedia
338 ## - TIPO DE SOPORTE
Nombre/término del tipo de soporte volumen
Fuente rdacarrier
500 ## - NOTA GENERAL
Nota general En portada: En conmemoración del centenario del nacimiento del maestro Odón Alonso
500 ## - NOTA GENERAL
Nota general Edición no venal de 200 ejemplares
600 #0 - PUNTO DE ACCESO ADICIONAL DE MATERIA--NOMBRE DE PERSONA
9 (RLIN) 238006
Nombre de persona Alonso, Odón,
Fechas asociadas al nombre 1925-2011
852 ## - LOCALIZACIÓN
Ubicación ES-MaACL
Ubicación en estantería Depósito 1
Número de control de estantería A-15775
Encuadernación Encuadernación cartoné
itemnumber 206833
942 ## - ELEMENTOS DE ENTRADA SECUNDARIOS (KOHA)
Tipo de ítem Koha Libro impreso
Suprimir en OPAC No
Holdings
Estatus retirado Estado de pérdida Fuente del sistema de clasificación o colocación Estado de daño No para préstamo Biblioteca de origen Biblioteca actual Ubicación en estantería Fecha de adquisición Fuente de adquisición Total de préstamos Signatura topográfica completa Código de barras Visto por última vez Precio de reemplazo Tipo de ítem Koha
    Clasificación decimal universal     Biblioteca del Ateneo de Madrid Biblioteca del Ateneo de Madrid Depósito 1 25/09/2025 Donación   A-15775 2025-1191 17/10/2025 17/10/2025 Libro impreso